| 000 | 00404nam a2200157 a 4500 | ||
|---|---|---|---|
| 001 | 5523 | ||
| 003 | CDMR | ||
| 005 | 20130226164726.0 | ||
| 008 | 130130s2006||||||||||||||||||||||||||||d | ||
| 020 | _a8483303728 | ||
| 040 |
_aCDMR _bcat _cCDMR |
||
| 245 | 0 | 0 |
_aRepública! _bCartells i cartellistes (1931-1939) |
| 260 |
_c2006 _bViena Edicions _aBarcelona |
||
| 500 | _aCatàleg d'exposició | ||
| 942 |
_cMON _2ddc |
||
| 999 |
_c5523 _d5523 |
||